00520nam a2200193Ia 450000000250000000300040002500600190002900700140004800800410006204000080010310000170011124500250012826000100015326000200016326000090018394200070019295201100019999900170030900746ngmaa2200277 a 4500RNLg||||fr|||| a0| fzhj bfb|||baap090707b ii f a fnsan d aeng aJagbir Singh aGurmat kav da itihas aDelhi bPunjabi Academy c2004 cBK 00102ddc40708PunaRNLbRNLcGENd2018-10-02g175.00l2p43704r2023-12-15s2023-10-25w2018-10-02yBK c20649d20649